000 00566cab a2200193 4500
001 ABS36868
008 090401t1986 xxu||||| |||| 00| 0 eng d
035 _a(Sirsi) u759
041 _aeng
100 _aHolt, G.
245 _aTowns still waiting for penny to drop
260 _c1986
350 _a0
490 _aPlanning (for the Natural and Built Environment)
_v685 12 September 1986,4(1)
520 _aplanning appeals on change of use of high street shops to amusement centres .
690 _aPLANNING LAW AND PRACTICE
942 _n0
948 _c04/03/1997
999 _c403
_d403